Photoshop dành cho người bắt đầu: Dùng cho cả 2 phiên bản photoshop CS5 và CS6
Sách gồm 2 phần với 5 chương, trình bày lý thuyết về xử lý ảnh trong Photoshop CS5 và các bài tập thực hành đơn giản đồng thời hướng dẫn thực hành trên phiên bản CS6.
Na minha lista:
| Autor principal: | |
|---|---|
| Formato: | Livro |
| Idioma: | Undetermined |
| Publicado em: |
Tp. Hồ Chí Minh
Hồng Đức
2012
|
| Assuntos: | |
| Tags: |
Adicionar Tag
Sem tags, seja o primeiro a adicionar uma tag!
|
| Thư viện lưu trữ: | Trung tâm Học liệu Trường Đại học Cần Thơ |
|---|
| LEADER | 00998nam a2200217Ia 4500 | ||
|---|---|---|---|
| 001 | CTU_180552 | ||
| 008 | 210402s9999 xx 000 0 und d | ||
| 020 | |c 72000 | ||
| 082 | |a 006.68 | ||
| 082 | |b H523/T.1 | ||
| 100 | |a Phạm, Quang Huy | ||
| 245 | 0 | |a Photoshop dành cho người bắt đầu: | |
| 245 | 0 | |b Dùng cho cả 2 phiên bản photoshop CS5 và CS6 | |
| 245 | 0 | |c Phạm Quang Huy, Vũ Thị Ánh Tuyết, Phạm Quang Hiển (Biên soạn) | |
| 260 | |a Tp. Hồ Chí Minh | ||
| 260 | |b Hồng Đức | ||
| 260 | |c 2012 | ||
| 520 | |a Sách gồm 2 phần với 5 chương, trình bày lý thuyết về xử lý ảnh trong Photoshop CS5 và các bài tập thực hành đơn giản đồng thời hướng dẫn thực hành trên phiên bản CS6. | ||
| 650 | |a Process photos and Photoshop,Xử lý ảnh và photoshop | ||
| 910 | |a Nguyên | ||
| 980 | |a Trung tâm Học liệu Trường Đại học Cần Thơ | ||